000 00674nam a22001937a 4500
005 20251007153733.0
010 _aENG-146958
020 _a9788195078134
_c3600.00
035 _aEN-130490
037 _bDBAD
_aDPL
082 _a 954.42
_21
100 _aMankodi, Kirit
_985414
245 _aTemples on the Tirtha of Baroli:
_b(Vol-1 : Text : Sculpture-Iconography-Inscriptions)/
_cKirit Mankodi [and] Michel Postel
260 _aMumbai
_bFranco-Indian Research Pvt Ltd
_c2025
270 _a20, Dr. E. Moses Road
_bMumbai
_e400011
300 _ax, 160p.
_c28cm(hb)
_bCol.,Ill.
700 _aPostel, Michel
_eAuthor
_985415
942 _2ddc
_cEN
_mMAN
_h954.42
999 _c213606
_d213606